00000000nam 2200000zi 4500
0019.922235
003CaOODSP
00520230503150351
006m     o  d f      
007cr |n|||||||||
008230503t19961996onca    o    f000 0|eng d
020 |z0662627466
040 |aCaOODSP|beng|erda|cCaOODSP
043 |an-cn---
0861 |aC2-308/1996E-PDF|zC2-308/1996
24500|aDirect-to-home satellite TV : |bfacts you should know.
264 1|a[Ottawa] : |bIndustry Canada = Industrie Canada, |c[1996]
264 4|c©1996
300 |a1 online resource (5 unnumbered pages) : |billustrations
336 |atext|btxt|2rdacontent
337 |acomputer|bc|2rdamedia
338 |aonline resource|bcr|2rdacarrier
500 |aDigitized edition from print [produced by Innovation, Science and Economic Development Canada].
500 |aIssued also in French under title: Radiodiffusion directe à domicile par satellite : tout ce que vous devez savoir.
500 |a"51325B"
650 0|aDirect broadcast satellite television|zCanada.
650 0|aTelevision broadcasting|zCanada.
650 0|aConsumer protection|zCanada.
7101 |aCanada. |bIndustry Canada, |eissuing body.
77508|tRadiodiffusion directe à domicile par satellite : |w(CaOODSP)9.922239
85640|qPDF|s297 KB|uhttps://publications.gc.ca/collections/collection_2023/isde-ised/c2/C2-308-1996-eng.pdf